[Event "Koge Open Weekend 4 2023"]
[Site "Koge"]
[Date "2023.04.23"]
[Round "6"]
[White "Liu, Casper Yukun"]
[Black "Pedersen, Henrik Dahl"]
[Result "1-0"]
[WhiteElo "2241"]
[BlackElo "2218"]
[EventDate "2023.04.21"]
[EventType "swiss"]
[EventRounds "7"]
[EventCountry "DEN"]
[SourceTitle "Live v. Koge Skakklub"]

1. e4 c5 2. Nf3 Nc6 3. Bb5 d6 4. O-O Bg4 5. Re1 Qc7 6. c3 a6 7. Bf1 e6 8. d4 Nf6 9. Bf4 e5 10. d5 Nb8 11. Bg5 Nbd7 12. h3 Bxf3 13. Qxf3 Be7 14. a4 Nxd5 15. Qg3 N5f6 16. Nd2 O-O 17. Nc4 Nb6 18. Bxf6 Bxf6 19. Ne3 a5 20. Bb5 Rad8 21. Rad1 g6 22. Rd3 Bg7 23. Red1 f5 24. exf5 gxf5 25. Qg5 h6 26. Qh5 f4 27. Nc4 Nxc4 28. Bxc4+ Kh8 29. Rd5 Rf6 30. Qf3 Bf8 31. Qg4 Qc8 32. Rxc5 Qxg4 33. hxg4 dxc5 34. Rxd8 e4 35. Rb8 b6 36. Kf1 Kg7 37. Ke2 Kg6 38. Re8 Kg5 39. Be6 e3 40. fxe3 fxe3 41. Kxe3 Rf1 42. Kd3 Rf4 43. Bf5 c4+ 44. Kc2 Bc5 45. Rg8+ Kh4 46. Rg6 Rf2+ 47. Kb1 Be3 48. Be4 Rf1+ 49. Ka2 Rf2 50. Bf3 Kg3 51. Re6 Bd2 52. Bd5 Kxg4 53. Kb1 Rf1+ 54. Kc2 Rf2 55. Bxc4 Rxg2 56. Re2 Rf2 1-0

[Event "Koge Open Weekend 4 2023"]
[Site "Koge"]
[Date "2023.04.23"]
[Round "6"]
[White "Hoi, Carsten"]
[Black "Balton, Tim"]
[Result "1-0"]
[WhiteElo "2328"]
[BlackElo "2010"]
[EventDate "2023.04.21"]
[EventType "swiss"]
[EventRounds "7"]
[EventCountry "DEN"]
[SourceTitle "Live v. Koge Skakklub"]

1. d4 d5 2. Nf3 e6 3. c4 c6 4. Nbd2 f5 5. g3 Bd6 6. Bg2 Nd7 7. Qc2 Ngf6 8. cxd5 cxd5 9. O-O O-O 10. Nb3 b5 11. Bf4 Nb6 12. Nc5 Ne4 13. b3 Bxf4 14. gxf4 Qc7 15. e3 Bd7 16. Ne5 b4 17. Rfc1 Rac8 18. a3 bxa3 19. Rxa3 Rfe8 20. Qa2 Ra8 21. Rc2 Rec8 22. Bxe4 fxe4 23. Ncxd7 Qxc2 24. Qxc2 Rxc2 25. Nxb6 Rb8 26. Rxa7 h6 27. Nbd7 Rbc8 28. Nc5 Re8 29. b4 Rb2 30. Rb7 h5 31. b5 Kh7 32. Rb6 h4 33. Kg2 h3+ 34. Kg3 Rb1 35. Nxe6 Rg1+ 36. Kh4 Rh8 37. Nf7 Re8 38. Nfg5+ Kh8 39. Kxh3 Kg8 40. Rb7 Kh8 41. b6 g6 42. Rh7+ Kg8 43. Rg7+ 1-0

[Event "Koge Open Weekend 4 2023"]
[Site "Koge"]
[Date "2023.04.23"]
[Round "6"]
[White "Henriksen, Kasper"]
[Black "Pedersen, Claes Braad"]
[Result "1/2-1/2"]
[WhiteElo "2130"]
[BlackElo "1900"]
[EventDate "2023.04.21"]
[EventType "swiss"]
[EventRounds "7"]
[EventCountry "DEN"]
[SourceTitle "Live v. Koge Skakklub"]

1. d4 Nf6 2. c4 e6 3. Nc3 Bb4 4. e3 O-O 5. Nge2 Ne4 6. a3 Nxc3 7. Nxc3 Bxc3+ 8. bxc3 d6 9. Bd3 Nd7 10. O-O Qe7 11. f3 e5 12. Qc2 h6 13. f4 Nf6 14. e4 c5 15. Bb2 b6 16. Rae1 Nd7 17. Qf2 f6 18. Qh4 Ba6 19. fxe5 dxe5 20. d5 Kh7 21. Bc1 g5 22. Qg4 Rad8 23. Re3 Bc8 24. Qd1 Rf7 25. Be2 Nf8 26. Bg4 Bxg4 27. Qxg4 Rd6 28. Rh3 Ng6 29. g3 Rf8 30. Qh5 Qg7 31. Qe2 Qd7 32. Qh5 Qg7 33. Qe2 1/2-1/2

[Event "Koge Open Weekend 4 2023"]
[Site "Koge"]
[Date "2023.04.23"]
[Round "6"]
[White "Koch Mueller, Oscar"]
[Black "Iskos, Lukas"]
[Result "1/2-1/2"]
[WhiteElo "2167"]
[BlackElo "2013"]
[EventDate "2023.04.21"]
[EventType "swiss"]
[EventRounds "7"]
[EventCountry "DEN"]
[SourceTitle "Live v. Koge Skakklub"]

1. d4 Nf6 2. c4 e6 3. Nc3 d5 4. cxd5 exd5 5. Bg5 Be7 6. e3 O-O 7. Bd3 b6 8. Nf3 h6 9. Bh4 Bb7 10. O-O Nbd7 11. Rc1 Rc8 12. Qa4 c5 13. Bf5 Bc6 14. Qa6 c4 15. Bxd7 Qxd7 16. Ne5 Qb7 17. Qxb7 Bxb7 18. Bxf6 gxf6 19. Nf3 Rfe8 20. Nh4 a6 21. a4 Bc6 22. Nf5 Bf8 23. Ng3 b5 24. axb5 axb5 25. e4 dxe4 26. d5 Bb7 27. Ncxe4 Kg7 28. Nd6 Bxd6 29. Nf5+ Kg6 30. Nxd6 Bxd5 31. Rfd1 Be6 32. Kf1 b4 33. Nxe8 Rxe8 34. Rd6 Ra8 35. Ke2 Ra2 36. Rd2 Kf5 37. Ke3 Ke5 38. h3 h5 39. Rcd1 f5 40. f4+ Kf6 41. Kd4 Ra5 42. Ke3 Ra2 43. Rf2 Ke7 44. Kf3 Kf6 45. Re1 Bd5+ 46. Ke3 Be4 47. Rfe2 Ra8 48. Kd4 Rc8 49. Rc1 Bd3 50. Re5 Rd8+ 51. Ke3 c3 52. b3 Be4 53. g3 Rd3+ 54. Kf2 Rd2+ 55. Ke3 Rb2 56. Kd4 c2 57. Rxe4 fxe4 58. Kxe4 Rxb3 59. Rxc2 Rxg3 60. Rc6+ Ke7 61. Rb6 b3 62. h4 Rc3 63. Kd4 Rh3 64. Ke5 Rxh4 65. Rxb3 Kf8 66. Ke4 1/2-1/2

[Event "Koge Open Weekend 4 2023"]
[Site "Koge"]
[Date "2023.04.23"]
[Round "6"]
[White "Keinicke, Mads"]
[Black "Gregor, Bjarke"]
[Result "1/2-1/2"]
[WhiteElo "1828"]
[BlackElo "2095"]
[EventDate "2023.04.21"]
[EventType "swiss"]
[EventRounds "7"]
[EventCountry "DEN"]
[SourceTitle "Live v. Koge Skakklub"]

1. d4 Nf6 2. Bf4 e6 3. Nf3 d5 4. e3 Bd6 5. Bg3 O-O 6. Bd3 c5 7. c3 Qc7 8. Ne5 Nc6 9. f4 b6 10. Nd2 Bb7 11. O-O Ne7 12. Qf3 Nf5 13. Rac1 Be7 14. Bf2 Nd6 15. Rfd1 Rad8 16. Qh3 Nfe4 17. Ndf3 f5 18. Bh4 Bxh4 19. Qxh4 Rf6 20. Ng5 Rh6 21. Qe1 Qe7 22. Nxe4 fxe4 23. Be2 Nf7 24. Nxf7 Qxf7 25. Qg3 Kh8 26. Rf1 Rf8 27. Qg5 Rf6 28. Qh5 Rg6 29. b3 Ba6 30. Rf2 Qe8 31. Kh1 Rf5 32. Qh4 Rh6 33. Qg3 Bxe2 34. Rxe2 Rxh2+ 35. Qxh2 Rh5 36. g4 Rxh2+ 37. Kxh2 g5 38. Kg3 gxf4+ 39. exf4 cxd4 40. cxd4 Qb5 41. Re3 Qb4 42. Rec3 e3 43. Rc8+ Kg7 44. R1c7+ Kf6 45. Kf3 e2 46. g5+ Kf5 47. Rf7+ Kg6 48. Rf6+ Kg7 49. Rc7+ Kg8 50. Rc8+ Kg7 51. Rc7+ 1/2-1/2

[Event "Koge Open Weekend 4 2023"]
[Site "Koge"]
[Date "2023.04.23"]
[Round "7"]
[White "Heimisson, Hilmir Freyr"]
[Black "Kistrup, Nicolai"]
[Result "1/2-1/2"]
[WhiteElo "2351"]
[BlackElo "2300"]
[EventDate "2023.04.21"]
[EventType "swiss"]
[EventRounds "7"]
[EventCountry "DEN"]
[SourceTitle "Live v. Koge Skakklub"]

1. e4 c5 2. Nf3 Nc6 3. Bb5 g6 4. Bxc6 bxc6 5. d4 Bg7 6. dxc5 Qa5+ 7. c3 Qxc5 8. O-O d6 9. Nbd2 Nf6 10. h3 O-O 11. Re1 Nd7 12. Nb3 Qb6 13. Bg5 Re8 14. Qd2 a5 15. Rac1 a4 16. Nbd4 Ba6 17. Bh6 Bh8 18. Rc2 Bc4 19. b3 axb3 20. axb3 Ba6 21. Rb2 Bb7 22. b4 Qc7 23. Ng5 Bf6 24. Ndf3 Ra3 25. Rc2 c5 26. h4 Rc8 27. Rec1 Qb6 28. h5 cxb4 29. cxb4 Rxc2 30. Rxc2 Ra1+ 31. Rc1 Qa7 32. Rxa1 Qxa1+ 33. Kh2 Ne5 34. Nxe5 Bxe5+ 35. g3 f6 36. Nf3 Bxe4 37. Qe2 Qa8 38. Nxe5 dxe5 39. Qc4+ Bd5 40. Qc1 Kf7 41. Be3 Qb7 42. Bc5 gxh5 43. Qh6 Be4 44. Qxh5+ Bg6 45. Qd1 Qc8 46. Qd5+ Qe6 47. Qxe6+ Kxe6 48. b5 Be4 49. Kh3 Bf3 50. b6 Kf7 51. Kh4 e6 52. Bd6 Kg6 53. Be7 Kf5 54. Bd8 Kg6 55. Be7 Bc6 56. Bd8 Kf5 1/2-1/2

[Event "Koge Open Weekend 4 2023"]
[Site "Koge"]
[Date "2023.04.23"]
[Round "7"]
[White "Jacobsen, Mikkel Manosri"]
[Black "Hoi, Carsten"]
[Result "1/2-1/2"]
[WhiteElo "2309"]
[BlackElo "2328"]
[EventDate "2023.04.21"]
[EventType "swiss"]
[EventRounds "7"]
[EventCountry "DEN"]
[SourceTitle "Live v. Koge Skakklub"]

1. c4 g6 2. g3 Bg7 3. Bg2 Nf6 4. Nc3 O-O 5. d4 d6 6. h3 Nc6 7. Nf3 e5 8. Be3 Re8 9. dxe5 dxe5 10. Rc1 Be6 11. Qxd8 Rc8 12. Qxe8+ Rxe8 13. Nb5 1/2-1/2

[Event "Koge Open Weekend 4 2023"]
[Site "Koge"]
[Date "2023.04.23"]
[Round "7"]
[White "Okhotnik, Vladimir"]
[Black "Liu, Casper Yukun"]
[Result "1/2-1/2"]
[WhiteElo "2316"]
[BlackElo "2241"]
[EventDate "2023.04.21"]
[EventType "swiss"]
[EventRounds "7"]
[EventCountry "DEN"]
[SourceTitle "Live v. Koge Skakklub"]

1. e4 c5 2. Nf3 d6 3. Bc4 Nf6 4. d3 Nc6 5. c3 g6 6. O-O Bg7 7. Re1 O-O 8. Bb3 d5 9. h3 c4 10. exd5 cxb3 11. dxc6 bxa2 12. Rxa2 bxc6 13. d4 Bf5 14. Nbd2 c5 15. dxc5 Qd5 16. Ra3 Qxc5 17. Nb3 Qc7 18. Nbd4 Be4 19. Bg5 Bb7 20. Qc1 Rfe8 21. Bf4 Qd7 22. Be5 a5 23. Qc2 Ra6 24. Rea1 Rea8 25. Qe2 a4 26. b4 Bf8 27. c4 Ne4 28. c5 f6 29. b5 Nxc5 30. bxa6 Bxa6 31. Qa2+ Kh8 32. Bg3 e5 33. Nc2 Bb7 34. Nce1 Bd5 35. Qd2 Qe6 36. Qb2 Qe8 37. Qb6 Ra6 38. Qb2 Nb3 39. Rd1 Qe6 40. Nd2 Nd4 41. Nc2 Nxc2 42. Rxa4 Rxa4 43. Qxc2 Rd4 44. Rb1 Bb4 45. Nb3 Be4 46. Qc7 Bxb1 47. Nxd4 exd4 48. Qb8+ Kg7 49. Qxb4 d3 50. Qb7+ Kg8 51. Bf4 Ba2 52. Bh6 Qe1+ 53. Kh2 Bf7 54. Qd7 Qe8 55. Qxd3 Be6 56. f4 Kf7 57. g4 Qd7 58. Qe3 Qb7 1/2-1/2

[Event "Koge Open Weekend 4 2023"]
[Site "Koge"]
[Date "2023.04.23"]
[Round "7"]
[White "Pedersen, Henrik Dahl"]
[Black "Henriksen, Kasper"]
[Result "1/2-1/2"]
[WhiteElo "2218"]
[BlackElo "2130"]
[EventDate "2023.04.21"]
[EventType "swiss"]
[EventRounds "7"]
[EventCountry "DEN"]
[SourceTitle "Live v. Koge Skakklub"]

1. c4 Nf6 2. g3 g6 3. Bg2 Bg7 4. Nc3 O-O 5. Nf3 d6 6. O-O Nc6 7. d3 e5 8. Bg5 h6 9. Bd2 Be6 10. Rc1 Qd7 11. a3 Ne7 12. b4 Bh3 13. Qb3 Bxg2 14. Kxg2 Qe6 15. e4 Nh5 16. Nd5 Qd7 17. Nxe7+ Qxe7 18. c5 c6 19. b5 dxc5 20. b6 axb6 21. Qxb6 Rxa3 22. Rxc5 Qd8 23. Qxb7 Qxd3 24. Be3 Qxe4 25. Qxc6 Qxc6 26. Rxc6 Rd3 27. Rb1 Rd7 28. Rb4 Re8 29. Rbc4 Kh7 30. Rh4 Nf6 31. Bxh6 Bxh6 32. Rxf6 Kg7 33. Rc6 e4 34. Ne1 e3 35. fxe3 Rd2+ 36. Kf1 Bxe3 37. Rc2 Red8 38. Rhc4 Rxc2 39. Nxc2 Bh6 40. Nd4 Be3 41. Ne2 Rd2 42. Re4 Bc5 43. g4 f5 44. Rc4 Bd6 45. h3 fxg4 46. Rxg4 Rd3 47. Kg2 Be5 48. Ng1 Rd4 49. Nf3 Rxg4+ 50. hxg4 Bb2 51. Nd2 Bc3 52. Ne4 Bb2 53. Kf3 Bc1 54. Nc5 Kf6 55. Nd3 Bd2 56. Nf2 Bc1 57. Nd3 Bd2 58. Nf2 Bc1 59. Nd3 Bd2 60. Ke4 Ke5+ 1/2-1/2

[Event "Koge Open Weekend 4 2023"]
[Site "Koge"]
[Date "2023.04.23"]
[Round "7"]
[White "Iskos, Lukas"]
[Black "Jalving, August"]
[Result "1-0"]
[WhiteElo "2013"]
[BlackElo "1962"]
[EventDate "2023.04.21"]
[EventType "swiss"]
[EventRounds "7"]
[EventCountry "DEN"]
[SourceTitle "Live v. Koge Skakklub"]

1. d4 Nf6 2. Nf3 d5 3. Bf4 g6 4. e3 Bg7 5. c4 O-O 6. Nc3 c6 7. Rc1 Nh5 8. Be5 Nf6 9. Be2 Nbd7 10. Bg3 dxc4 11. Bxc4 b5 12. Bb3 Bb7 13. O-O a6 14. Qe2 c5 15. dxc5 Nxc5 16. Rfd1 Qb6 17. Nd5 Nxd5 18. Bxd5 Rac8 19. Be5 Rfd8 20. Bxb7 Nxb7 21. Rxc8 Rxc8 22. Bxg7 Kxg7 23. h3 Rd8 24. Rxd8 Qxd8 25. Qc2 Qd5 26. Qc3+ f6 27. Nd4 Nc5 28. Qxc5 Qxa2 29. Qxe7+ Kg8 30. Ne6 Qb1+ 31. Kh2 Qf5 32. Qg7# 1-0

[Event "Koge Open Weekend 4 2023"]
[Site "Koge"]
[Date "2023.04.23"]
[Round "7"]
[White "Pedersen, Claes Braad"]
[Black "Koch Mueller, Oscar"]
[Result "1-0"]
[WhiteElo "1900"]
[BlackElo "2167"]
[EventDate "2023.04.21"]
[EventType "swiss"]
[EventRounds "7"]
[EventCountry "DEN"]
[SourceTitle "Live v. Koge Skakklub"]

1. c4 Nf6 2. Nc3 e6 3. e4 d5 4. e5 d4 5. exf6 dxc3 6. bxc3 Qxf6 7. d4 e5 8. Nf3 Nc6 9. Be2 exd4 10. cxd4 Bb4+ 11. Bd2 Bxd2+ 12. Qxd2 O-O 13. O-O Bg4 14. Rad1 Rad8 15. d5 Bxf3 16. Bxf3 Ne5 17. Be2 Nd7 18. Rfe1 Nc5 19. Bf3 Rfe8 20. Re3 Qf5 21. Rde1 Kf8 22. h3 b6 23. d6 Ne6 24. Bg4 Qf4 25. d7 Re7 26. Bxe6 Rxe6 27. Rxe6 1-0

[Event "Koge Open Weekend 4 2023"]
[Site "Koge"]
[Date "2023.04.23"]
[Round "7"]
[White "Balton, Tim"]
[Black "Keinicke, Mads"]
[Result "1/2-1/2"]
[WhiteElo "2010"]
[BlackElo "1828"]
[EventDate "2023.04.21"]
[EventType "swiss"]
[EventRounds "7"]
[EventCountry "DEN"]
[SourceTitle "Live v. Koge Skakklub"]

1. d4 e6 2. e3 f5 3. Nf3 Nf6 4. c4 Bb4+ 5. Bd2 Bxd2+ 6. Nbxd2 O-O 7. Qc2 b6 8. Bd3 Bb7 9. O-O Na6 10. a3 c5 11. e4 fxe4 12. Nxe4 Nxe4 13. Bxe4 Bxe4 14. Qxe4 Qc7 15. Ng5 g6 16. Qh4 h5 17. Qe4 Kg7 18. g3 Rae8 19. Rad1 Nb8 20. Rd3 Rf5 21. h4 cxd4 22. Rxd4 Qe5 23. Qd3 Qf6 24. Ne4 Qe5 25. Nd6 Ref8 26. Nxf5+ Rxf5 27. b4 Qc7 28. Re1 Rf7 29. b5 Qc5 30. Ree4 e5 31. Rd6 Qxf2+ 32. Kh1 Rf3 33. Re3 Qxe3 34. Qxg6+ Kf8 35. Rf6+ Rxf6 36. Qxf6+ Ke8 37. Qh8+ Ke7 38. Qxb8 Qe1+ 39. Kg2 Qe2+ 40. Kg1 Qe1+ 1/2-1/2